000 00415nam a2200157Ia 4500
008 210716s2009 xx 000 0 und d
020 _a9788131507476
041 _aeng
082 _a005.42 CARR
100 _aCaeswell, Ron; Webb, Hebb; Freese, Terrill.
245 _aParallel operating systems.
250 _a1
260 _aAustralia
_bCourse Technology
_c2009
300 _a436
650 _aOperating Systems
999 _c191991
_d191991